000 00735nam a2200217 i 4500
001 73125
003 ES-MaACL
005 20250722125732.0
007 t|
008 040907s1913 sp ||||1| spa d
100 1 _aGómez Carrillo, Enrique,
_d1873-1927
_957861
245 1 3 _aLa sonrisa de la Esfinge /
_cEnrique Gómez Carrillo.
260 _aMadrid :
_bRenacimiento,
_c1913.
300 _a316 p. ;
_c19 cm.
530 _aDisponible en formato digital.
651 4 _aEgipto-
_xDescripción.
_98141
852 _aES-MaACL
_jG-11090
_cSPP3
_zRevisado enlace: 22 de julio de 2025
856 4 _uhttp://bdh-rd.bne.es/viewer.vm?id=0000088307&page=1
_yBiblioteca Digital Hispánica
942 _2udc
999 _c73125
_d73125